000 01168aam a2200277 4500
999 _c45664
_d45664
001 19298
003 CO-MdFUSB
005 20171109111007.0
008 170407t1964 enk||||| |||| 00| 0 eng d
020 _a334-00388-1
040 _aCO-MdFUSB
_bspa
_cCO-MdFUSB
_dCO-MdFUSBC
_erda
041 _aeng
082 0 4 _aG 225.6 K949e
100 1 _aKäsemann, Ernst
_eautor
245 0 0 _aEssays on New Testament themes
_c/ Ernst Käsemann ; Translated by W. J. Montague
264 4 _aLondon:
_bSCM Press,
_c© 1964
300 _a200 páginas
336 _2rdacontent
_atexto
_btxt
337 _2rdamedia
_asin mediación
_bn
338 _2rdacarrier
_avolumen
_bnc
500 _aTítulo original en alemán: Exegetische Versuche und Besinnungen \ Incluye índices (p. 196-200)
501 _aRústico
505 0 0 _aEl problema del Jesús histórico - ¿Es objetivo el evangelio? - Ministerio y comunidad en el Nuevo Testamento - La doctrina paulina de la última cena - Los discípulos de Juan el Bautista en Éfeso - Una liturgia primitiva del bautismo cristiano - Una apología de la escatología cristiana primitiva
630 0 7 _aBiblia.
_pNuevo Testamento
942 _cBK